[Event "XXIII Festival Conca della Presolana A"]
[Site "Bratto - Castione della Presolana ITA"]
[Date "2003.08.21"]
[Round "1"]
[White "Agnelli, Francesco"]
[Black "Bellia, Fabrizio"]
[Result "0-1"]
[WhiteElo "2102"]
[BlackElo "2397"]
[PlyCount "84"]
[EventDate "2003.08.21"]

1.e4 c6 2.d4 d5 3.Nc3 dxe4 4.Nxe4 Nf6 5.Nxf6+ exf6 6.Nf3 Bd6 7.Bd3 O-O 8.
O-O Re8 9.h3 Nd7 10.Re1 Rxe1+ 11.Qxe1 Nf8 12.Bd2 Be6 13.Qe4 Bd5 14.Qe2 Bc7
15.Nh2 Qd6 16.Nf1 Ne6 17.Qg4 Nf8 18.a3 Be6 19.Qe4 f5 20.Qe3 f4 21.Qe4 f5 
22.Qe2 Qxd4 23.Bc3 Qd7 24.Nd2 Re8 25.Qh5 Qf7 26.Qxf7+ Kxf7 27.Nf3 h6 28.
Nd4 g6 29.h4 h5 30.Nf3 Bd5 31.Ng5+ Kg8 32.Bd4 Ne6 33.Nxe6 Bxe6 34.Re1 a6 
35.Bc4 Kf7 36.Bxe6+ Rxe6 37.Kf1 Bd8 38.g3 fxg3 39.fxg3 Rxe1+ 40.Kxe1 Bf6 
41.c3 Bxd4 42.cxd4 g5 0-1

[Event "XXIII Festival Conca della Presolana A"]
[Site "Bratto - Castione della Presolana ITA"]
[Date "2003.08.21"]
[Round "1"]
[White "Alberton, Roberto"]
[Black "Drazic, Sinisa"]
[Result "0-1"]
[WhiteElo "2113"]
[BlackElo "2463"]
[PlyCount "80"]
[EventDate "2003.08.21"]

1.Nf3 d5 2.d4 a6 3.Bf4 c6 4.e3 Bg4 5.c4 Bxf3 6.gxf3 e6 7.Qb3 b5 8.cxd5 
cxd5 9.a4 b4 10.Nd2 Bd6 11.Bxd6 Qxd6 12.Rc1 Ne7 13.Bd3 Nbc6 14.f4 h6 15.h4
O-O 16.Qd1 b3 17.O-O f6 18.f3 e5 19.Qxb3 exd4 20.Ne4 Qb4 21.Qa2 Kh8 22.Nc5
dxe3 23.Ne6 Nd4 24.Nxf8 Rxf8 25.b3 Nef5 26.Bxf5 Nxf5 27.Qh2 Nd4 28.Qg2 e2 
29.Rfe1 Re8 30.Kh2 Qb8 31.Qg4 f5 32.Qg3 a5 33.Rg1 Re7 34.h5 Qe8 35.Kg2 
Nxb3 36.Rb1 Nd2 37.Rbe1 Qxh5 38.Kf2 Nf1 39.Qg6 Qh4+ 40.Rg3 Qxg3+ 0-1

[Event "XXIII Festival Conca della Presolana A"]
[Site "Bratto - Castione della Presolana ITA"]
[Date "2003.08.21"]
[Round "1"]
[White "Astengo, Marcello"]
[Black "Bresciani, Nicola"]
[Result "0-1"]
[WhiteElo "2070"]
[BlackElo "2285"]
[PlyCount "88"]
[EventDate "2003.08.21"]

1.d4 Nf6 2.c4 e6 3.Nc3 Bb4 4.e3 b6 5.Qf3 d5 6.Ne2 Ba6 7.a3 Bxc3+ 8.Nxc3 c6
9.cxd5 exd5 10.Bxa6 Nxa6 11.O-O O-O 12.b4 Nc7 13.Bb2 Re8 14.Rfc1 Qd7 15.
Rc2 Ne4 16.Nxe4 Rxe4 17.Rac1 Re6 18.Qg4 Qe8 19.h3 g6 20.Kh2 f5 21.Qf4 Qd7 
22.Kg1 Rf8 23.Kh2 a6 24.Kg1 b5 25.Rc5 Na8 26.R5c2 Nb6 27.Re1 Re4 28.Qg5 f4
29.Rce2 Rf5 30.Qh6 Rh5 31.Qxf4 Rxf4 32.exf4 Rf5 33.Re7 Qd6 34.Bc1 Nd7 35.
R1e6 Qc7 36.g4 Rf7 37.Re8+ Rf8 38.R8e7 Rf7 39.Re8+ Nf8 40.f5 gxf5 41.gxf5 
Rxf5 42.Bh6 Rf7 43.Re3 Qd6 44.R3e6 Qxe6 0-1

[Event "XXIII Festival Conca della Presolana A"]
[Site "Bratto - Castione della Presolana ITA"]
[Date "2003.08.21"]
[Round "1"]
[White "Barlocco, Carlo"]
[Black "Bertagnolli, Gerhard"]
[Result "1/2-1/2"]
[WhiteElo "2150"]
[BlackElo "1870"]
[PlyCount "60"]
[EventDate "2003.08.21"]

1.d4 Nf6 2.Nf3 g6 3.Bf4 d6 4.h3 Bg7 5.e3 O-O 6.Be2 c5 7.O-O b6 8.a4 cxd4 
9.exd4 Bb7 10.a5 a6 11.axb6 Nbd7 12.c4 Nxb6 13.Nc3 Nbd7 14.Qb3 Qc8 15.Rfc1
Re8 16.Qa3 e5 17.Bh2 Bf8 18.Qa5 e4 19.Nd2 e3 20.fxe3 Rxe3 21.Bf3 Bxf3 22.
Nxf3 Qb7 23.Nb5 Qe4 24.Bxd6 Rxf3 25.Bxf8 Rxf8 26.Qxa6 Qe3+ 27.Kh2 Qf4+ 28.
Kh1 Ne4 29.Rc2 Rf1+ 30.Rxf1 Qxf1+ 1/2-1/2

[Event "XXIII Festival Conca della Presolana A"]
[Site "Bratto - Castione della Presolana ITA"]
[Date "2003.08.21"]
[Round "1"]
[White "Bentivegna, Francesco"]
[Black "Contini, Gabriele"]
[Result "1-0"]
[WhiteElo "2165"]
[BlackElo "1969"]
[PlyCount "115"]
[EventDate "2003.08.21"]

1.e4 d5 2.exd5 Nf6 3.Bb5+ Bd7 4.Be2 Nxd5 5.d4 Bf5 6.Nf3 e6 7.O-O Be7 8.c4 
Nb6 9.Nc3 Nc6 10.Be3 O-O 11.Qd2 Bf6 12.Rad1 Qe7 13.Qc1 Rfd8 14.Rd2 Rd7 15.
Rfd1 Rad8 16.h3 h6 17.b3 a6 18.d5 exd5 19.Bxb6 cxb6 20.Nxd5 Qe6 21.g4 Be4 
22.Nxf6+ gxf6 23.Rxd7 Rxd7 24.Rxd7 Qxd7 25.Qxh6 Nd4 26.Nxd4 Qxd4 27.Qc1 
Bc6 28.Qd1 Qb2 29.a4 Qc3 30.f3 Qe3+ 31.Kg2 Kg7 32.Bd3 Kf8 33.Qe2 Qc1 34.
Be4 Qc3 35.Bxc6 bxc6 36.Qd1 Kg7 37.h4 b5 38.cxb5 cxb5 39.axb5 axb5 40.h5 
b4 41.Qd5 Qc2+ 42.Kg3 Qc3 43.Kf4 Qc1+ 44.Kf5 Qc2+ 45.Kf4 Qc1+ 46.Ke4 Qc2+ 
47.Qd3 Qc6+ 48.Ke3 Qc1+ 49.Kd4 Qf4+ 50.Kc5 Kh6 51.Qe4 Qd2 52.Qxb4 Qe3+ 53.
Qd4 Qxf3 54.b4 Kg5 55.Qd5+ Qxd5+ 56.Kxd5 f5 57.gxf5 Kxf5 58.b5 1-0

[Event "XXIII Festival Conca della Presolana A"]
[Site "Bratto - Castione della Presolana ITA"]
[Date "2003.08.21"]
[Round "1"]
[White "Bonazzi, Edoardo"]
[Black "Horvath, Csaba"]
[Result "1/2-1/2"]
[WhiteElo "2130"]
[BlackElo "2513"]
[PlyCount "84"]
[EventDate "2003.08.21"]

1.c4 g6 2.Nc3 Bg7 3.Nf3 d6 4.g3 e5 5.d3 Nc6 6.Bg2 h6 7.O-O Be6 8.Rb1 Qd7 
9.b4 Bh3 10.e4 Bxg2 11.Kxg2 Nge7 12.Be3 f5 13.Nd5 O-O 14.b5 Nxd5 15.cxd5 
Ne7 16.Ng1 Kh7 17.f3 g5 18.Qd2 Ng6 19.Rfc1 Rf7 20.a4 f4 21.Bf2 g4 22.Rc4 
Raf8 23.Rbc1 gxf3+ 24.Kf1 fxg3 25.hxg3 Qg4 26.Rxc7 h5 27.Rxf7 Rxf7 28.Qc3 
h4 29.Qc8 Rd7 30.Rc7 Nf8 31.Rxd7 Nxd7 32.gxh4 a6 33.bxa6 bxa6 34.a5 Bf6 
35.Nxf3 Qxf3 36.Qxd7+ Kh6 37.Qxd6 Qxd3+ 38.Kg1 Qd1+ 39.Kg2 Qg4+ 40.Kf1 
Qd1+ 41.Kg2 Qg4+ 42.Kf1 Qd1+ 1/2-1/2

[Event "XXIII Festival Conca della Presolana A"]
[Site "Bratto - Castione della Presolana ITA"]
[Date "2003.08.21"]
[Round "1"]
[White "Bonetti, Marco"]
[Black "Belotti, Bruno"]
[Result "0-1"]
[WhiteElo "2105"]
[BlackElo "2435"]
[PlyCount "62"]
[EventDate "2003.08.21"]

1.e4 c5 2.Nf3 d6 3.d3 Nc6 4.g3 g6 5.Bg2 Bg7 6.O-O e5 7.c3 Nge7 8.Be3 O-O 
9.d4 exd4 10.cxd4 Bg4 11.dxc5 Bxf3 12.Bxf3 Bxb2 13.Nd2 Bxa1 14.Qxa1 dxc5 
15.Bh6 Nd4 16.Bxf8 Kxf8 17.Qb2 Qb6 18.Qc1 Rd8 19.Kg2 Qc6 20.Re1 b5 21.h4 
h5 22.Kh2 Qf6 23.Kg2 Qc6 24.Re3 c4 25.Ra3 a5 26.Nf1 b4 27.Qh6+ Kg8 28.Rxa5
Nxf3 29.Kxf3 c3 30.Qg5 Rd3+ 31.Ne3 c2 0-1

[Event "XXIII Festival Conca della Presolana A"]
[Site "Bratto - Castione della Presolana ITA"]
[Date "2003.08.21"]
[Round "1"]
[White "Borgo, Giulio"]
[Black "Zoldan, Matteo"]
[Result "1-0"]
[WhiteElo "2423"]
[BlackElo "2104"]
[PlyCount "61"]
[EventDate "2003.08.21"]

1.Nf3 Nf6 2.g3 g6 3.b3 Bg7 4.Bb2 O-O 5.Bg2 d6 6.d4 Nbd7 7.O-O e5 8.dxe5 
Ng4 9.Qd2 Ngxe5 10.c4 Re8 11.Nc3 h5 12.Rad1 Nxf3+ 13.Bxf3 Nf6 14.c5 Bh3 
15.Rfe1 dxc5 16.Bxb7 Rb8 17.Qc1 Qe7 18.Nd5 Nxd5 19.Bxd5 Bxb2 20.Qxb2 Red8 
21.Qc2 Rb6 22.Rd3 Be6 23.Be4 Rd4 24.Rxd4 cxd4 25.Rc1 Bg4 26.f3 Bh3 27.Qxc7
Qa3 28.Qd8+ Kh7 29.Rc7 Be6 30.Qg5 Qb4 31.Qxg6+ 1-0

[Event "XXIII Festival Conca della Presolana A"]
[Site "Bratto - Castione della Presolana ITA"]
[Date "2003.08.21"]
[Round "1"]
[White "Borroni, Enrico"]
[Black "Muscolino, Attilio"]
[Result "1/2-1/2"]
[WhiteElo "1908"]
[BlackElo "2155"]
[PlyCount "41"]
[EventDate "2003.08.21"]

1.d4 Nf6 2.Nf3 g6 3.e3 Bg7 4.Be2 d6 5.O-O O-O 6.b3 c5 7.Bb2 cxd4 8.exd4 
Nc6 9.d5 Nb4 10.c4 Bf5 11.Na3 a5 12.Nd4 Bd7 13.Nac2 Nxc2 14.Qxc2 a4 15.Bf3
Qb6 16.Qd3 Qc5 17.Rfe1 Rfe8 18.h3 h5 19.Bc3 Rac8 20.Rac1 Bh6 21.Bd2 
1/2-1/2

[Event "XXIII Festival Conca della Presolana A"]
[Site "Bratto - Castione della Presolana ITA"]
[Date "2003.08.21"]
[Round "1"]
[White "Bottino, Alexiei"]
[Black "Lucaroni, Massimiliano"]
[Result "0-1"]
[WhiteElo "2071"]
[BlackElo "2295"]
[PlyCount "68"]
[EventDate "2003.08.21"]

1.d4 e6 2.Nf3 f5 3.g3 Nf6 4.Bg2 Be7 5.O-O O-O 6.b3 d6 7.Bb2 Qe8 8.Nbd2 Nc6
9.c4 Bd8 10.Re1 e5 11.d5 Nb8 12.e4 Qh5 13.exf5 Bxf5 14.Nh4 Bg4 15.f3 Bd7 
16.Bh1 a5 17.Ng2 Na6 18.Ne3 c6 19.Bg2 Bb6 20.Nf1 cxd5 21.cxd5 Bb5 22.Kh1 
Nb4 23.Nc4 Bf2 24.Nxd6 Bxf1 25.Rxe5 Bxg2+ 26.Kxg2 Qg6 27.Qd2 Rad8 28.Nf5 
Bc5 29.Qc3 Nfxd5 30.Qxc5 Rxf5 31.Qxa5 Nc6 32.Rxd5 Rfxd5 33.Qc3 Rd3 34.Qc4+
Qf7 0-1

[Event "XXIII Festival Conca della Presolana A"]
[Site "Bratto - Castione della Presolana ITA"]
[Date "2003.08.21"]
[Round "1"]
[White "Brancaleoni, Maurizio"]
[Black "Zacco, Remo"]
[Result "1-0"]
[WhiteElo "2298"]
[BlackElo "2077"]
[PlyCount "79"]
[EventDate "2003.08.21"]

1.Nf3 Nf6 2.c4 e6 3.g3 b6 4.Bg2 Bb7 5.O-O Be7 6.Nc3 d6 7.d4 O-O 8.d5 e5 9.
a3 a5 10.Bd2 Na6 11.Qc2 Bc8 12.Qb1 Bd7 13.b4 a4 14.e4 Nh5 15.Qd1 f5 16.
Nxe5 dxe5 17.Qxh5 f4 18.Qe2 Qe8 19.gxf4 exf4 20.e5 Qg6 21.f3 Bf5 22.Ne4 
Qh6 23.c5 bxc5 24.b5 Nb8 25.Qc4 Nd7 26.d6+ Be6 27.Qc3 cxd6 28.exd6 Bh4 29.
Rab1 Qh5 30.Rfc1 c4 31.Qd4 Bd5 32.b6 Rab8 33.Rb5 Rf5 34.Bc3 Nf6 35.d7 Qf7 
36.Nd6 Qxd7 37.Nxf5 Qxf5 38.Rd1 Rd8 39.b7 Nh5 40.Rxd5 1-0

[Event "XXIII Festival Conca della Presolana A"]
[Site "Bratto - Castione della Presolana ITA"]
[Date "2003.08.21"]
[Round "1"]
[White "Cardelli, Gabriele"]
[Black "De Vita, Igor"]
[Result "1/2-1/2"]
[WhiteElo "1927"]
[BlackElo "2158"]
[PlyCount "32"]
[EventDate "2003.08.21"]

1.d4 Nf6 2.Nf3 c5 3.c3 b6 4.Bf4 Bb7 5.e3 d6 6.Nbd2 Nbd7 7.Be2 g6 8.Qb3 Bg7
9.a4 O-O 10.a5 cxd4 11.cxd4 Bd5 12.Bc4 Bxc4 13.Nxc4 bxa5 14.Nxa5 Qb6 15.
O-O Qxb3 16.Nxb3 Rfb8 1/2-1/2

[Event "XXIII Festival Conca della Presolana A"]
[Site "Bratto - Castione della Presolana ITA"]
[Date "2003.08.21"]
[Round "1"]
[White "Cavatorta, Fosco"]
[Black "Rigamonti, Stefano"]
[Result "0-1"]
[WhiteElo "2152"]
[BlackElo "1905"]
[PlyCount "70"]
[EventDate "2003.08.21"]

1.e4 e5 2.Nf3 Nc6 3.d3 Nf6 4.g3 d6 5.Bg2 Be7 6.O-O Bg4 7.c3 Qd7 8.b4 Bh3 
9.Nbd2 Bxg2 10.Kxg2 O-O 11.Nc4 b5 12.Ne3 a5 13.a3 axb4 14.cxb4 Nxb4 15.Bb2
Na6 16.Nd5 Nxd5 17.exd5 f5 18.Kg1 Bf6 19.Qc2 Qf7 20.Qc6 Nc5 21.Nxe5 Qh5 
22.Bd4 Nb3 23.Be3 Bxe5 24.Rab1 Nd4 25.Bxd4 Bxd4 26.Qxc7 Bc5 27.Rxb5 f4 28.
Qd7 fxg3 29.Qe6+ Qf7 30.hxg3 Qxe6 31.dxe6 Rae8 32.a4 Rxe6 33.Rb2 Rf3 34.
Ra2 Rxg3+ 35.Kh2 Rg5 0-1

[Event "XXIII Festival Conca della Presolana A"]
[Site "Bratto - Castione della Presolana ITA"]
[Date "2003.08.21"]
[Round "1"]
[White "Danieli, Enrico"]
[Black "Cebalo, Miso"]
[Result "0-1"]
[WhiteElo "2120"]
[BlackElo "2510"]
[PlyCount "70"]
[EventDate "2003.08.21"]

1.d4 Nf6 2.c4 g6 3.Nc3 Bg7 4.e4 d6 5.Nge2 O-O 6.Ng3 c5 7.d5 e6 8.Be2 exd5 
9.exd5 Ne8 10.O-O a6 11.Bf4 Nd7 12.Qd2 f5 13.Rae1 Ne5 14.h3 Bd7 15.Bh6 
Bxh6 16.Qxh6 Qf6 17.Qd2 Nc7 18.f4 Nf7 19.Kh2 b5 20.Bd3 Nh6 21.Qf2 bxc4 22.
Bxc4 Rab8 23.Re3 Rfe8 24.Rxe8+ Bxe8 25.Re1 Bf7 26.Nf1 Kf8 27.Ne3 Ng8 28.
Qd2 Qd4 29.Qf2 Re8 30.Kg1 Rxe3 31.Rxe3 Qxc4 32.Qh4 Qd4 33.Qd8+ Kg7 34.Kf2 
Nxd5 35.Nxd5 Qxd5 0-1

[Event "XXIII Festival Conca della Presolana A"]
[Site "Bratto - Castione della Presolana ITA"]
[Date "2003.08.21"]
[Round "1"]
[White "De Santis, Alessio"]
[Black "Frilli, Guido"]
[Result "1/2-1/2"]
[WhiteElo "2289"]
[BlackElo "2071"]
[PlyCount "166"]
[EventDate "2003.08.21"]

1.d4 d5 2.c4 c6 3.Nc3 Nf6 4.g3 dxc4 5.Bg2 e6 6.Nf3 Be7 7.Ne5 O-O 8.O-O c5 
9.dxc5 Bxc5 10.Nxc4 Nc6 11.Bf4 Qe7 12.Bd6 Bxd6 13.Qxd6 Qxd6 14.Nxd6 Ne7 
15.Rfd1 Nf5 16.Nxc8 Raxc8 17.e4 Nh6 18.e5 Nfg4 19.Re1 Rc5 20.f4 Nf5 21.
Bxb7 Rb8 22.Rad1 Rc7 23.Be4 Nge3 24.Rd3 Nc4 25.Bxf5 exf5 26.Re2 g6 27.b3 
Na3 28.Nd5 Rc1+ 29.Kf2 Kg7 30.Ne3 Rb7 31.h3 h5 32.Rd5 Rbc7 33.Ra5 Nb1 34.
Nd5 Rd7 35.b4 Rd1 36.Nf6 Rb7 37.a3 Rd3 38.Ne8+ Kf8 39.Nd6 Rc7 40.Nb5 Rcd7 
41.Rxa7 Rxa7 42.Nxa7 Rxa3 43.Nb5 Rb3 44.Rc2 h4 45.gxh4 Rxb4 46.Nd6 Rxf4+ 
47.Kg3 Rd4 48.Rc7 Nd2 49.Rxf7+ Kg8 50.Rf6 Kh7 51.h5 gxh5 52.Rxf5 Kg6 53.
Rf6+ Kh7 54.Rf4 Rd3+ 55.Kh4 Nf3+ 56.Kxh5 Nxe5 57.Ne4 Rxh3+ 58.Kg5 Kg7 59.
Kf5 Rh5+ 60.Ke6 Nd3 61.Rg4+ Kf8 62.Nf6 Re5+ 63.Kd6 Kf7 64.Nd7 Re6+ 65.Kd5 
Re7 66.Nb6 Re8 67.Nc4 Rd8+ 68.Nd6+ Ke7 69.Rg7+ Kf6 70.Rf7+ Kg6 71.Rf3 Nb4+
72.Ke6 Nc6 73.Rg3+ Kh5 74.Nf7 Re8+ 75.Kf6 Re1 76.Nd6 Nd4 77.Rg5+ Kh4 78.
Rd5 Rf1+ 79.Ke5 Nf3+ 80.Ke4 Ng5+ 81.Ke3 Rf3+ 82.Ke2 Rf8 83.Nf5+ Kg4 
1/2-1/2

[Event "XXIII Festival Conca della Presolana A"]
[Site "Bratto - Castione della Presolana ITA"]
[Date "2003.08.21"]
[Round "1"]
[White "Del Rio Angelis, Salvador Gabriel"]
[Black "Pagnoncelli, Marco"]
[Result "1-0"]
[WhiteElo "2479"]
[BlackElo "2116"]
[PlyCount "75"]
[EventDate "2003.08.21"]

1.e4 c5 2.Nf3 d6 3.d4 cxd4 4.Nxd4 Nf6 5.Nc3 g6 6.Be2 Bg7 7.O-O O-O 8.Bg5 
Nc6 9.Nb3 a5 10.a4 Nb4 11.f4 Bd7 12.Bf3 Bc6 13.Kh1 Qc7 14.Rf2 Rfc8 15.Rd2 
b6 16.Nd4 Bb7 17.Qe2 Qc4 18.Qd1 Qc7 19.Rc1 Re8 20.Ndb5 Qc5 21.Qe1 Rad8 22.
Rcd1 Nd7 23.Qe2 Qc8 24.Bg4 Bxc3 25.Nxc3 Ba6 26.Qe1 Qb8 27.e5 Nc5 28.exd6 
Rxd6 29.Rxd6 exd6 30.Qh4 Nxc2 31.Nd5 Ne4 32.Nf6+ Nxf6 33.Bxf6 Re3 34.h3 
Qf8 35.Qf2 Qe8 36.Qxc2 Re1+ 37.Rxe1 Qxe1+ 38.Kh2 1-0

[Event "XXIII Festival Conca della Presolana A"]
[Site "Bratto - Castione della Presolana ITA"]
[Date "2003.08.21"]
[Round "1"]
[White "Drabke, Lorenz Maximilian"]
[Black "Battaggia, Piergiorgio"]
[Result "1-0"]
[WhiteElo "2448"]
[BlackElo "2110"]
[PlyCount "37"]
[EventDate "2003.08.21"]

1.e4 c5 2.Nf3 d6 3.d4 cxd4 4.Nxd4 Nf6 5.f3 a6 6.c4 g6 7.Nc3 Bg7 8.Be3 O-O 
9.Be2 Nc6 10.Qd2 Re8 11.O-O Ne5 12.Rfd1 Bd7 13.Rac1 Rb8 14.Kh1 Qa5 15.Nb3 
Qd8 16.c5 dxc5 17.Bf4 Qc7 18.Bxe5 Qxe5 19.f4 1-0

[Event "XXIII Festival Conca della Presolana A"]
[Site "Bratto - Castione della Presolana ITA"]
[Date "2003.08.21"]
[Round "1"]
[White "Friedrich, Norbert"]
[Black "Pegoraro, Nicola"]
[Result "1-0"]
[WhiteElo "2252"]
[BlackElo "2061"]
[PlyCount "49"]
[EventDate "2003.08.21"]

1.e4 c5 2.Nf3 d6 3.d4 cxd4 4.Nxd4 Nf6 5.Nc3 a6 6.a4 e5 7.Nf3 Be6 8.Ng5 Qc7
9.Nxe6 fxe6 10.g3 Nc6 11.Bh3 Nd4 12.O-O Be7 13.Be3 Qc4 14.a5 Nb5 15.Nxb5 
axb5 16.b3 Qc6 17.Bxe6 Qxe4 18.c4 Qc6 19.Qe2 b4 20.Bd2 Qe4 21.Qd1 d5 22.
Re1 Qd4 23.cxd5 Bd6 24.Qe2 Ke7 25.Qb5 1-0

[Event "XXIII Festival Conca della Presolana A"]
[Site "Bratto - Castione della Presolana ITA"]
[Date "2003.08.21"]
[Round "1"]
[White "Galli, Fabio"]
[Black "Costantini, Roberto"]
[Result "0-1"]
[WhiteElo "2086"]
[BlackElo "2334"]
[PlyCount "88"]
[EventDate "2003.08.21"]

1.e4 c5 2.Nf3 d6 3.d4 Nf6 4.Nc3 cxd4 5.Nxd4 a6 6.Bg5 e6 7.Qd2 h6 8.Be3 Ng4
9.O-O-O Nxe3 10.Qxe3 Qc7 11.f4 Be7 12.Nf3 Nc6 13.Kb1 Bd7 14.Bd3 Qa5 15.
Rhe1 b5 16.Nd2 Bf6 17.Nb3 Qc7 18.Bxb5 O-O 19.Ba4 Rfc8 20.g4 Rab8 21.Bxc6 
Qxc6 22.e5 dxe5 23.fxe5 Be7 24.Qd3 Rc7 25.Ne4 a5 26.Nxa5 Qa4 27.Nb3 Bb4 
28.Nec5 Bxc5 29.Re4 Qa7 30.Nxc5 Qxc5 31.Rd4 Bb5 32.Qe4 Rcc8 33.c4 Bc6 34.
Qe3 Qb4 35.b3 Be8 36.Qd2 Rxc4 37.Rd8 Qxd2 38.R1xd2 Rcc8 39.Rxc8 Rxc8 40.
Kb2 Rc5 41.Re2 Kh7 42.h3 Kg6 43.b4 Rd5 44.Kc3 Kg5 0-1

[Event "XXIII Festival Conca della Presolana A"]
[Site "Bratto - Castione della Presolana ITA"]
[Date "2003.08.21"]
[Round "1"]
[White "Godena, Michele"]
[Black "Cazzaniga, Walter"]
[Result "1-0"]
[WhiteElo "2517"]
[BlackElo "2130"]
[PlyCount "141"]
[EventDate "2003.08.21"]

1.e4 e6 2.d4 d5 3.Nd2 Nf6 4.e5 Nfd7 5.Bd3 c5 6.c3 Nc6 7.Ne2 cxd4 8.cxd4 f6
9.exf6 Nxf6 10.Nf3 Bd6 11.O-O O-O 12.Bf4 Nh5 13.Bxd6 Qxd6 14.Nc3 Nf4 15.
Re1 Bd7 16.Bf1 Rad8 17.Ne5 Nxe5 18.Rxe5 Ng6 19.Re3 Bc6 20.Qe2 Rfe8 21.Re1 
Qb4 22.Rxe6 Qxd4 23.Rxe8+ Rxe8 24.Qd1 Qxd1 25.Rxd1 Rd8 26.Bc4 Ne7 27.f3 
Kf7 28.Kf2 Rd7 29.Bb3 Kf6 30.Ne2 h6 31.Bc2 Ke5 32.Nd4 Kd6 33.Re1 Rd8 34.
Re6+ Kd7 35.b4 Rc8 36.Re2 Kd6 37.Re6+ Kd7 38.Re2 Kd6 39.Bf5 Bd7 40.Nb5+ 
Bxb5 41.Re6+ Kd7 42.Rxe7+ Kxe7 43.Bxc8 b6 44.Ke3 Kd6 45.Kd4 Bf1 46.g3 Bg2 
47.f4 a5 48.a3 axb4 49.axb4 Bf3 50.Bf5 Kc6 51.Bd3 Kd6 52.Bg6 Kc6 53.Bd3 
Kd6 54.Ke3 Bg4 55.Bf1 Be6 56.Kd4 Bf5 57.Bg2 Be6 58.Bf3 Bf7 59.g4 g5 60.f5 
Bg8 61.Bg2 Bf7 62.Bf3 Bg8 63.Bd1 Bf7 64.Ba4 h5 65.h3 hxg4 66.hxg4 Bg8 67.
Be8 Ke7 68.Bg6 Kd6 69.Bh5 Ke7 70.Ke5 Kf8 71.f6 1-0

[Event "XXIII Festival Conca della Presolana A"]
[Site "Bratto - Castione della Presolana ITA"]
[Date "2003.08.21"]
[Round "1"]
[White "Gosio, Denis"]
[Black "Guidi, Maurizio"]
[Result "1/2-1/2"]
[WhiteElo "2160"]
[BlackElo "1936"]
[PlyCount "80"]
[EventDate "2003.08.21"]

1.e4 c5 2.Nf3 Nc6 3.d4 cxd4 4.Nxd4 g6 5.c4 Bg7 6.Be3 Nf6 7.Nc3 O-O 8.Be2 
d6 9.O-O Bd7 10.Qd2 Nxd4 11.Bxd4 a6 12.f3 Rc8 13.b3 Bc6 14.Rfd1 Nd7 15.
Bxg7 Kxg7 16.Kh1 Qb6 17.a3 Nf6 18.b4 Rfd8 19.g4 h6 20.Kg2 Bd7 21.h4 Be6 
22.g5 hxg5 23.hxg5 Nh5 24.Nd5 Bxd5 25.exd5 e5 26.dxe6 fxe6 27.f4 Qc6+ 28.
Bf3 Qxc4 29.Bxb7 Nxf4+ 30.Kf3 Rc7 31.Rac1 Qb3+ 32.Kxf4 Rf8+ 33.Kg4 Rxb7 
34.Rc3 Qa4 35.Qxd6 Qb5 36.Qd4+ e5 37.Qe3 Rf4+ 38.Kg3 Qb6 39.Qe2 Qe6 40.
Rdc1 Rbf7 1/2-1/2

[Event "XXIII Festival Conca della Presolana A"]
[Site "Bratto - Castione della Presolana ITA"]
[Date "2003.08.21"]
[Round "1"]
[White "Guido, Flavio"]
[Black "Affinito, Pancrazio"]
[Result "1-0"]
[WhiteElo "2332"]
[BlackElo "2080"]
[PlyCount "67"]
[EventDate "2003.08.21"]

1.e4 c5 2.c3 e5 3.Nf3 Nc6 4.Bb5 Nge7 5.O-O g6 6.d4 cxd4 7.cxd4 exd4 8.Nxd4
Bg7 9.Be3 O-O 10.Nc3 d5 11.Bxc6 bxc6 12.exd5 cxd5 13.Qd2 Nf5 14.Nxf5 Bxf5 
15.Rad1 Bg4 16.f3 Be6 17.Bd4 Bxd4+ 18.Qxd4 Qb6 19.Qxb6 axb6 20.Rd4 Rfd8 
21.Rfd1 Kf8 22.a3 Rd6 23.Kf2 Rad8 24.Ke3 Ke7 25.h4 h6 26.Rb4 Rc6 27.Rb5 
Rcd6 28.Rd4 f6 29.Na4 Rb8 30.Rdb4 Bd7 31.Rxb6 d4+ 32.Kd2 Rdxb6 33.Nxb6 Rd8
34.Rxd4 1-0

[Event "XXIII Festival Conca della Presolana A"]
[Site "Bratto - Castione della Presolana ITA"]
[Date "2003.08.21"]
[Round "1"]
[White "Isonzo, David"]
[Black "Scacco, Mauro"]
[Result "1-0"]
[WhiteElo "2347"]
[BlackElo "2090"]
[PlyCount "109"]
[EventDate "2003.08.21"]

1.e4 e5 2.Nf3 Nc6 3.Bb5 a6 4.Bxc6 dxc6 5.O-O f6 6.d4 exd4 7.Nxd4 Bd6 8.Be3
Ne7 9.Qh5+ Ng6 10.Nc3 O-O 11.Rad1 Qe8 12.Rfe1 Ne5 13.Qxe8 Rxe8 14.f3 Nc4 
15.Bc1 Bb4 16.Nde2 Be6 17.b3 Ne5 18.Bb2 Rad8 19.Rxd8 Rxd8 20.Rd1 Rd6 21.
Kf1 h5 22.Nf4 Bf7 23.Ke2 h4 24.h3 g5 25.Nd3 Nxd3 26.Rxd3 Bxc3 27.Bxc3 Rxd3
28.Kxd3 Kg7 29.e5 Bg6+ 30.Kd2 f5 31.e6+ Kf8 32.Bf6 g4 33.hxg4 fxg4 34.Bxh4
Bf5 35.e7+ Kf7 36.c3 c5 37.Ke3 gxf3 38.Kxf3 Be6 39.Ke4 Ke8 40.Ke5 Bf7 41.
g4 a5 42.Kf6 a4 43.bxa4 Bxa2 44.a5 Bc4 45.Bg3 Be2 46.g5 c6 47.Bd6 c4 48.g6
Bh5 49.Kg5 Bf3 50.Kh6 Bd5 51.Kg7 Be6 52.Kf6 Bd5 53.Bc5 Kd7 54.Kg7 Ke8 55.
Kh8 1-0

[Event "XXIII Festival Conca della Presolana A"]
[Site "Bratto - Castione della Presolana ITA"]
[Date "2003.08.21"]
[Round "1"]
[White "Lalic, Bogdan"]
[Black "Marta, Daniele"]
[Result "1-0"]
[WhiteElo "2503"]
[BlackElo "2118"]
[PlyCount "69"]
[EventDate "2003.08.21"]

1.d4 Nf6 2.c4 d6 3.Nc3 g6 4.e4 Bg7 5.f3 O-O 6.Nge2 Nbd7 7.Be3 c5 8.d5 Ne5 
9.Ng3 h5 10.Be2 e6 11.O-O exd5 12.cxd5 a6 13.Rc1 b5 14.b3 Qa5 15.Qd2 Bd7 
16.h3 b4 17.Nd1 Bb5 18.a4 Bxe2 19.Nxe2 c4 20.bxc4 Qxa4 21.Nb2 Qa5 22.c5 
dxc5 23.Bxc5 Rfe8 24.Bxb4 Qb6+ 25.Bc5 Qb7 26.Bd4 Ned7 27.Nc4 Bf8 28.Rb1 
Qc7 29.Rfc1 Bc5 30.Nb6 Rab8 31.Nxd7 Nxd7 32.Rxb8 Rxb8 33.Bxc5 Nxc5 34.Qd4 
Rb5 35.d6 1-0

[Event "XXIII Festival Conca della Presolana A"]
[Site "Bratto - Castione della Presolana ITA"]
[Date "2003.08.21"]
[Round "1"]
[White "Lanzani, Mario"]
[Black "Lanzani, Giuliano"]
[Result "1/2-1/2"]
[WhiteElo "2355"]
[BlackElo "2092"]
[PlyCount "23"]
[EventDate "2003.08.21"]

1.e4 e5 2.Nf3 d6 3.Nc3 Nf6 4.Bc4 Be7 5.d3 Nc6 6.h3 Na5 7.O-O Nxc4 8.dxc4 
Be6 9.Qe2 O-O 10.Nd5 Bxd5 11.cxd5 Nd7 12.Be3 1/2-1/2

[Event "XXIII Festival Conca della Presolana A"]
[Site "Bratto - Castione della Presolana ITA"]
[Date "2003.08.21"]
[Round "1"]
[White "Lovati, Paolo"]
[Black "Tatai, Stefano"]
[Result "0-1"]
[WhiteElo "2089"]
[BlackElo "2343"]
[PlyCount "82"]
[EventDate "2003.08.21"]

1.c4 c5 2.g3 Nc6 3.Bg2 b6 4.e3 Bb7 5.Ne2 Na5 6.Bxb7 Nxb7 7.Nf4 Qc8 8.b3 
Qc6 9.O-O Nf6 10.Bb2 e6 11.Nh5 Nxh5 12.Qxh5 Qe4 13.Nc3 Qg6 14.Qxg6 hxg6 
15.Nb5 Kd8 16.d4 a6 17.Nc3 Kc7 18.h4 f6 19.Kg2 Be7 20.Rad1 Rh5 21.Ne2 Rah8
22.Nf4 R5h6 23.d5 e5 24.Ne2 Nd6 25.Nc3 f5 26.Na4 Bf6 27.Rc1 e4 28.Bxf6 
gxf6 29.Rh1 Nf7 30.a3 Ne5 31.Nc3 d6 32.Ne2 Nf3 33.Rcd1 g5 34.h5 Rxh5 35.
Rxh5 Rxh5 36.g4 Rh2+ 37.Kg3 fxg4 38.Kxg4 Rxf2 39.Nc3 Ne5+ 40.Kg3 Rf3+ 41.
Kg2 Rxe3 0-1

[Event "XXIII Festival Conca della Presolana A"]
[Site "Bratto - Castione della Presolana ITA"]
[Date "2003.08.21"]
[Round "1"]
[White "Luchsinger, Eric"]
[Black "Contin, Daniel"]
[Result "1/2-1/2"]
[WhiteElo "2094"]
[BlackElo "2356"]
[PlyCount "180"]
[EventDate "2003.08.21"]

1.c4 e5 2.g3 Nf6 3.Bg2 d5 4.cxd5 Nxd5 5.Nf3 Nc6 6.O-O Nb6 7.d3 Be7 8.Nbd2 
g5 9.Nc4 e4 10.Nfe5 Nxe5 11.Nxe5 Qd4 12.Nc4 Nxc4 13.Qa4+ c6 14.Qxc4 Qxc4 
15.dxc4 Bf5 16.Be3 O-O-O 17.Rad1 Kc7 18.Bd4 Rhe8 19.h3 h5 20.b3 a5 21.Bc3 
Kb6 22.Bd4+ Ka6 23.Bc3 g4 24.h4 Bg6 25.e3 Bb4 26.Bxb4 axb4 27.Rfe1 Kb6 28.
Bf1 Kc5 29.Be2 Ra8 30.Rd2 Ra3 31.Rc1 Bf5 32.Rcc2 Raa8 33.Kf1 Red8 34.Ke1 
Rd3 35.Bxd3 exd3 36.Rc1 Be4 37.Kf1 f5 38.Ke1 Re8 39.Kf1 Rg8 40.Rcd1 Ra8 
41.Rc1 Rd8 42.Rcd1 Rd6 43.Rc1 Bf3 44.Ke1 Rd8 45.Kf1 b6 46.Ke1 Be4 47.Rcd1 
b5 48.Rc1 Ra8 49.Kd1 Ra7 50.Ke1 Ra6 51.Kd1 Ra8 52.Ke1 Rg8 53.Kf1 Rg7 54.
Ke1 Rg8 55.Kf1 bxc4 56.Rxc4+ Kb5 57.Ke1 Ra8 58.Rb2 c5 59.Rc1 Bd5 60.Kd2 
Rd8 61.Rcb1 Be6 62.Rc1 Kb6 63.Ra1 Kb5 64.Rc1 Bd5 65.Rcb1 Ra8 66.Rc1 Be4 
67.Rcb1 Kc6 68.Rc1 Kd6 69.Rc4 Ra5 70.Rc1 Ke5 71.Rc4 Bd5 72.Rc1 Ke4 73.Rd1 
Bb7 74.Rc1 Ba6 75.Ke1 Kf3 76.Rd2 Kg2 77.Rb2 Bb7 78.Rc4 Bd5 79.Rc1 Kf3 80.
Rd2 Ke4 81.Rb2 Be6 82.Kd2 Bf7 83.Ke1 Bg8 84.Kd2 Be6 85.Ke1 f4 86.exf4 Kd4 
87.Kd2 Bd5 88.Re1 Be4 89.Re3 Ra3 90.Re1 Ra8 1/2-1/2